LEADER 01563nam a2200361 a 4500 001 000000126037 003 CaOOAMICUS 005 20110715133224.0 008 110715t2011 it u001 u ita r 020 $a978-88-452-6724-6 040 $aPUL$bita 041 1 $aita$hlat 082 04$a190 100 0 $aSanchez, Francisco,$c1550-1623.$0(OLS)http://pul/name/80140 245 10$aTutte le opere filosofiche /$cFrancisco Sanchez ; a cura di Claudio Buccolini e Ettore Lojacono con la collaborazione di Claudia Montuschi per il Carme sulla Cometa. 260 $aMilano :$bBompiani,$c©2011. 300 $aCXLI, 793 p. ;$c22 cm 490 1 $aBompiani Il pensiero occidentale 504 $aComprende riferimenti bibliografici ed indice. 546 $aTesto latino a fronte. 700 0 $aBuccolini, Claudio.$0(OLS)http://pul/name/80141 700 1 $aLojacono, Ettore.$0(OLS)http://pul/name/6018 700 1 $aMontuschi, Claudia,$d1971-$0(OLS)http://pul/name/80142 830 0$aBompiani Il pensiero occidentale.$0(OLS)http://pul/title/99836 850 $aPUL 852 $aPUL$W1$xSL Filosofia 3$y81$m190 COLL 2.135$j145214$qDDC 21$B144220$CPULBib$Z2$F144220 $H117540 $82 941 1 $a9 983 3$aIl pensiero occidentale (Bompiani) 996 $6020$a978-88-452-6724-6$9(OLS)http://pul/number/147782 996 $6082$a190$9(OLS)http://pul/classification/123 996 $6245$aTutte le opere filosofiche$9(OLS)http://pul/title/159106 996 $6260$aMilano :$bBompiani$9(OLS)http://pul/publisher/48240 LEADER 01966nam a2200409 a 4500 001 000000175633 003 CaOOAMICUS 005 20230119112102.0 008 230119s2022 it h u000 u ita r 020 $a978-88-343-5153-6* 032 $aLibriCat 040 $aPUL$bita 245 00$aGrandi maestri di fronte a Dante : $batti del Seminario dantesco permanente, 3 marzo-2 dicembre 2021 / $ca cura di Simona Brambilla, ... [et al.] ; con la collaborazione di Emiliano Bertin. 260 $aMilano :$bV&P,$c©2022. 300 $aXXII, 448 p. :$bfacs. ;$c22 cm 490 1 $aLetteratura italiana. Ricerche 490 1 $aVita e pensiero. Universitą 504 $aBibliografia in nota. 650 4$aLetteratura italiana$ySec. XIX-XX.$0(OLS)http://pul/subject/3201 700 1 $aBrambilla, Simona.$0(OLS)http://pul/name/63375 700 1 $aD'Acunto, Nicolangelo,$d1966-$0(OLS)http://pul/name/36311 700 1 $aMarassi, Massimo,$d1954-$0(OLS)http://pul/name/3588 700 1 $aMüller, Paola.$0(OLS)http://pul/name/34509 700 1 $aBertin, Emiliano.$0(OLS)http://pul/name/112885 830 0$aUniversitą (Vita e Pensiero).$0(OLS)http://pul/title/154439 830 0$aRicerche (Vita e Pensiero).$pLetteratura italiana.$0(OLS)http://pul/title/97011 850 $aPUL 852 $aPUL$W1$xDP1 Cons. Gen., Altre Classi 1$y22$m389 D 5$j199817$qStampati$B204574$CPULBib$Z2$F204574 $H135955 $82 941 1 $a8 983 0$aVita e pensiero.$pUniversitą. 983 0$aV & P. Universitą. 983 0$aLetteratura italiana. Ricerche (Vita e Pensiero) 983 0$aV & P. Letteratura italiana. Ricerche. 996 $6020$a978-88-343-5153-6*$9(OLS)http://pul/number/168937 996 $6245$aGrandi maestri di fronte a Dante : $batti del Seminario dantesco permanente, 3 marzo-2 dicembre 2021 / $9(OLS)http://pul/title/217084 996 $6260$aMilano :$bV&P$9(OLS)http://pul/publisher/78336